Bazele rationamentului geometric

Saved in:
Bibliographic Details
Main Author: Branzei, Dan
Format: Book
Language:Romanian
Published: Bucuresti : Editura Academiei Republicii Socialiste Romania, 1983
Series:Biblioteca profesorului de matematica
Subjects:
Tags: Add Tag
No Tags, Be the first to tag this record!

MARC

LEADER 00000cam a2200000 a 4500
001 1/108070
008 150821s1983####rm | ||| |||| ||rum||
040 |a GR-MyUa  |b gre  |c GR-MyUa  |e AACR2 
041 0 |a rum 
082 7 |a 516   |2 (23) 
100 1 |a Branzei, Dan. 
245 1 0 |a Bazele rationamentului geometric /   |c de Dan Branzei, Eugen Onofras, Sebastian Anita, Gheorghe Isvoranu. 
260 |a Bucuresti :   |b Editura Academiei Republicii Socialiste Romania,   |c 1983  
300 |a 243 σ. :   |b σχέδια ;   |c 20 εκ.  
490 1 |a (Biblioteca profesorului de matematica) 
650 0 |a Geometry. 
830 0 |a Biblioteca profesorului de matematica 
852 |a INST  |b SAMOS  |c MAG  |e 20150821  |h 516 BRA  |p 005300035301  |q 005300035301  |t BK  |y 0 
970 |a Σιτζίμη  |b Γιασεμή  |z 21/08/2015